Statistics for Down Vocabulary Words Quiz

Click here to take the quiz!

General Stats

  • This quiz has been taken 28,430 times
    (21,503 since last reset)
  • The average score is 13 of 20

Answer Stats

DefinitionWord% Correct
Heavy rainDownpour
96%
Internet file transferDownload
87%
Central business districtDowntown
83%
Six points in footballTouchdown
83%
Move into a lower gearDownshift
76%
When all prisoners are confined to their cellsLockdown
75%
Mechanical failure of a carBreakdown
68%
Major catastrophe in a nuclear reactorMeltdown
66%
LayoffsDownsizing
63%
InsultPutdown
62%
Square danceHoedown
60%
Reduction in credit ratingDowngrade
59%
Tube that takes water down from a gutterDownspout
59%
Cessation of all operationsShutdown
59%
Hotel service to prepare the bed for sleepingTurndown
57%
Downward air currentDowndraft
53%
To lower the price of somethingMarkdown
46%
Water landing of a space capsuleSplashdown
43%
House that will be demolishedTeardown
35%
ExtortionShakedown
27%

Score Distribution

Percentile by Number Answered

Percent of People with Each Score

Your Score History

You have not taken this quiz since the last reset